| Tag |
First Indicator |
Second Indicator |
Subfields |
| LEADER |
00000cam a2200000 a 4500 |
| 001 |
in00002786657 |
| 005 |
20211120170333.0 |
| 006 |
m d |
| 007 |
cr m|||||||||| |
| 008 |
101014s2010 dcu obt f000 0 eng c |
| 035 |
|
|
|a (OCoLC)ocn670133337
|
| 040 |
|
|
|a EJB
|b eng
|c EJB
|d OCLCQ
|d GPO
|d MvI
|d UtOrBLW
|
| 042 |
|
|
|a pcc
|
| 043 |
|
|
|a n-us---
|
| 049 |
|
|
|a WWW
|
| 074 |
|
|
|a 0484-E (online)
|
| 086 |
0 |
|
|a EP 6.52:F 95/24
|
| 088 |
|
|
|a EPA-420-R-10-906
|
| 245 |
0 |
0 |
|a Environmental Protection Agency fuel economy label :
|b literature review /
|c prepared for EPA by PRR, Inc.
|
| 246 |
1 |
7 |
|a EPA fuel economy label redesign :
|b literature review
|
| 264 |
|
1 |
|a [Washington, D.C.] :
|b Office of Transportation and Air Quality, U.S. Environmental Protection Agency, and National Highway Traffic Safety Administration U.S. Dept. of Transportation,
|c [2010]
|
| 300 |
|
|
|a 1 online resource (85 pages) :
|b color illustrations, charts.
|
| 336 |
|
|
|a text
|b txt
|2 rdacontent
|
| 337 |
|
|
|a computer
|b c
|2 rdamedia
|
| 338 |
|
|
|a online resource
|b cr
|2 rdacarrier
|
| 500 |
|
|
|a Title from title screen (viewed Oct. 14, 2010).
|
| 500 |
|
|
|a "August 2010."
|
| 500 |
|
|
|a "EPA-420-R-10-906."
|
| 505 |
0 |
|
|a Executive summary -- I. Introduction and methodology -- II. Understanding how consumers choose vehicles -- III. Consumer education campaigns regarding fuel efficient vehicles -- IV. Summary of results and conclusions -- Attachment 1. Summaries of major studies -- Bibliography.
|
| 504 |
|
|
|a Includes bibliographical references (pages 75-85).
|
| 536 |
|
|
|b GS-23F-0364P
|g 0001
|
| 500 |
|
|
|a Electronic resource.
|
| 650 |
|
0 |
|a Automobiles
|x Fuel consumption
|x Standards
|z United States.
|
| 650 |
|
0 |
|a Automobiles
|x Fuel consumption
|x Labeling
|z United States.
|
| 650 |
|
0 |
|a Automobile ownership
|z United States.
|
| 610 |
1 |
0 |
|a United States.
|b Environmental Protection Agency.
|
| 610 |
1 |
0 |
|a United States.
|b National Highway Traffic Safety Administration.
|
| 710 |
2 |
|
|a PRR, Inc.
|
| 710 |
1 |
|
|a United States.
|b Environmental Protection Agency.
|b Office of Transportation and Air Quality.
|
| 710 |
1 |
|
|a United States.
|b National Highway Traffic Safety Administration.
|
| 856 |
4 |
0 |
|u https://purl.fdlp.gov/GPO/gpo30541
|t 0
|
| 999 |
|
|
|a MARS
|
| 999 |
f |
f |
|s 2ccc6cbc-6aec-33fb-969c-25f3e8024ddd
|i d1145631-6488-348a-8280-a205152a1f2f
|t 0
|
| 952 |
f |
f |
|a Texas A&M University
|b College Station
|c Electronic Resources
|d Available Online
|t 0
|e EP 6.52:F 95/24
|h Superintendent of Documents classification
|
| 998 |
f |
f |
|a EP 6.52:F 95/24
|t 0
|l Available Online
|